The magic school bus and the electric field trip / (Record no. 727)

MARC details
000 -LEADER
fixed length control field 01180nam a22003377a 4500
005 - DATE AND TIME OF LATEST TRANSACTION
control field 20230718155454.0
020 ## - INTERNATIONAL STANDARD BOOK NUMBER
International Standard Book Number 0590446827
020 ## - INTERNATIONAL STANDARD BOOK NUMBER
International Standard Book Number 0590446835 (pb)
040 ## - CATALOGING SOURCE
Original cataloging agency DLC
Transcribing agency DLC
Modifying agency DLC
Language of cataloging eng
050 00 - LIBRARY OF CONGRESS CALL NUMBER
Classification number TK148
Item number .C57 1997
082 00 - DEWEY DECIMAL CLASSIFICATION NUMBER
Classification number 621.3
Edition number 21
100 1# - MAIN ENTRY--PERSONAL NAME
Personal name Cole, Joanna.
245 14 - TITLE STATEMENT
Title The magic school bus and the electric field trip /
Statement of responsibility, etc. by Joanna Cole ; illustrated by Bruce Degen.
250 ## - EDITION STATEMENT
Edition statement 1st ed.
260 ## - PUBLICATION, DISTRIBUTION, ETC.
Place of publication, distribution, etc. New York :
Name of publisher, distributor, etc. Scholastic ,
Date of publication, distribution, etc. 1997.
300 ## - PHYSICAL DESCRIPTION
Extent 48 pages :
Other physical details color illustrations ;
Dimensions 22 x 26 cm.
490 ## - SERIES STATEMENT
Series statement The magic school bus
505 ## - FORMATTED CONTENTS NOTE
Formatted contents note R <br/><br/>
520 ## - SUMMARY, ETC.
Summary, etc. Ms. Frizzle takes her class on a field trip through the town's electrical wires so they can learn how electricity is generated and how it is used.
521 ## - TARGET AUDIENCE NOTE
Target audience note 720 <br/>
Source Lexile <br/>
521 ## - TARGET AUDIENCE NOTE
Target audience note R <br/>
Source Raz-Plus <br/>
650 #0 - SUBJECT ADDED ENTRY--TOPICAL TERM
Topical term or geographic name entry element Electric power
General subdivision Juvenile literature.
650 #0 - SUBJECT ADDED ENTRY--TOPICAL TERM
Topical term or geographic name entry element Electric power distribution
General subdivision Juvenile literature.
650 #1 - SUBJECT ADDED ENTRY--TOPICAL TERM
Topical term or geographic name entry element Electricity.
650 #1 - SUBJECT ADDED ENTRY--TOPICAL TERM
Topical term or geographic name entry element Electric power.
700 1# - ADDED ENTRY--PERSONAL NAME
Personal name Degen, Bruce,
Relator term illustrator.
906 ## - LOCAL DATA ELEMENT F, LDF (RLIN)
a 7
b cbc
c orignew
d 1
e ocip
f 19
g y-gencatlg
942 ## - ADDED ENTRY ELEMENTS (KOHA)
Source of classification or shelving scheme Dewey Decimal Classification
Koha item type Books
Suppress in OPAC No
999 ## -
-- 727
-- 727
Holdings
Withdrawn status Lost status Source of classification or shelving scheme Damaged status Not for loan Collection Home library Current library Shelving location Date acquired Total Checkouts Full call number Barcode Date last seen Date last checked out Price effective from Koha item type
    Dewey Decimal Classification     Juvenile Fiction Footprints International School Library Network Toul Kork Campus Footprints International School Library Network Toul Kork Campus TK Primary Library Room(4th Floor), Bookcase 5&6, Shelves 33-56, Orange Books 07/04/2023 3 COL 621.3 TK148.C57 FISBK05128 12/08/2025 12/08/2025 07/04/2023 Books